| 000 -Cabeçalho |
| Cabeçalho |
00472nam 22001813 4500 |
| 001 - Identificador do registo |
| Identificador do registo |
32588 |
| 090 ## - Número de controle KOHA |
| Número biblioitem KOHA |
32588 |
| 100 ## - Dados gerais de processamento |
| Dados gerais de processamento |
20260317d u||y0pory50 ba |
| 101 ## - Língua da publicação |
| Língua do texto, banda sonora, etc. |
Português |
| 200 ## - Título e menção de responsabilidade |
| Título próprio |
Meteorologia Agrícola |
| Primeira menção de responsabilidade |
Fernando Silveira da Mota |
| 205 ## - Menção de edição |
| Menção da edição |
4º |
| 210 ## - Publicação, distribuição, etc. |
| Lugar da edição, distribuição, etc. |
São Paulo |
| Nome do editor, distribuidor, etc. |
Livraria Nobel SA |
| Data da publicação, distribuição, etc. |
1979 |
| 317 ## - Nota de proveniência |
| Instituição e exemplar a que o campo se aplica |
INMG |
| 500 ## - Título uniforme |
| Título uniforme |
Meteorologia Agrícola |
| 606 ## - Nome comum usado como assunto |
| Subdivisão de assunto |
Meteorologia Agrícola |
| ID Autoridade |
23767 |
| 700 ## - Nome de pessoa - responsabilidade principal |
| Palavra de ordem |
Mota |
| Outra parte do nome não tomada para palavra de ordem |
Fernando Silveira da |
| ID Autoridade |
23778 |
| 801 ## - Fonte de origem |
| Regras de catalogação |
ISBD |
| 942 ## - Informação adicional KOHA |
| Inibição de acesso no OPAC |
Não |